Héros Miraculous - Statistiques

Statistiques générales
  • Ce quiz a été pris 435 fois
  • Le résultat moyen est 14 sur 20
Statistiques - réponses
Héros Animaux Kwamis % Correct
Chat Noir Chat Plagg
100%
Ladybug Coccinelle Tikki
99%
Papillon Papillon Nooroo
95%
Rena Rouge Renard Trixx
93%
Queen Bee Abeille Pollen
91%
Carapace Tortue Wayzz
90%
Mayura Paon Duusu
76%
Viperion Serpent Sass
76%
Bunnix Lapin Fluff
70%
Vesperia Abeille Pollen
70%
Tigresse Pourpre Tigre Roarr
65%
Pégase Cheval Kaalki
62%
Roi Singe Singe Xuppu
60%
Ryuko Dragon Longg
58%
Multimouse Souris Mullo
57%
Pigella Cochon Daizzy
56%
Coq Courage Coq Orikko
48%
Traquemoiselle Chien Barkk
42%
Caprikid Chèvre Ziggi
41%
Minotaurox Buffle Stompp
38%
Aucun quiz correspondant
Distribution des résultats
% des personnes avec chaque résultat
Percentile par nombre de réponses
Votre historique - résultats
Vous n’avez pas pris ce quiz